000 02271nam0a2200349 4500
001 RU\NLR\BIBL_A\012442428
005 20250624034500.0
035 _a(NLR Aleph) 012442428
090 _a11932262
_c11932262
100 _a20060306f18801889|||y0rusy50 ca
101 0 _arus
102 _aRU
105 _ay|||z|||000zy
200 1 _aТамбовская губерния
_eуездные по крестьянским делам присутствия
210 _a[Санкт-Петербург
_cб. и.
_d188-]
215 _a41, [2] с.
_d35
300 _aВ конце текста: Подписал: сенатор С. Мордвинов
309 _aБез тит. л. и обл.
309 _aНа 1-й с. под текстом: б. 3
316 _aВплетено в конволют с загл. корешка: Материалы высочайше утвержденной Особой комиссии для составл. проектов местн. управления. 3. По сенаторской ревизии 2. Записки сенатора Мордвинова. Экз. на шифре 134/1240(6-6) вплетен в конволют с загл. корешка: Труды комиссии Каханова. 6
_5NLR
320 _aБиблиогр. в тексте
516 1 _aМатериалы высочайше утвержденной Особой комиссии для составл. проектов местн. управления. 3. По сенаторской ревизии 2. Записки сенатора Мордвинова
516 1 _aТруды комиссии Каханова. 6
601 0 1 _aРоссия
_bОсобая комиссия для составления проектов местного управления
_jДокументы и материалы
_92467650
_3RU\NLR\AUTH\6601682983
606 1 _aМестное управление
_jДокументы и материалы
_yРоссия
_91586404
_3RU\NLR\AUTH\66696776
686 3 _aХ819(2)011.2,011
702 1 _aМордвинов
_bС.А.
_f1825-1900
_gСемен Александрович
_4720
852 _aNLR
_j18.63.1.21
852 _aNLR
_j134/1240(6-6)
942 _cBOOK
980 _aNB